000 00685nam a2200289Ia 4500
005 20260324122453.0
008 008 260324s9999 xx 000 0 eng d
020 _a9781351192156
037 _aEBOOK
040 _aCRL
040 _beng
040 _cCRL
041 _2eng
041 _aeng
084 _qCRL
100 _aCaroline Corbeau-Parsons
_91166574
245 0 _aPrometheus in the Nineteenth Century
245 0 _bFrom Myth to Symbol
260 _bTaylor and Francis
260 _c2013
365 _a
365 _b145
856 _uhttp://www.taylorfrancis.com/books/9781351192156
942 _cEBOOK
999 _c1759348
_d1759348